MDQL
is popping MORE tags! Check the
thread
!
Quizzes
Events
Quiz Creation
Community
Videos
Private Events
Remove Ads
Sign In
Join for FREE
Feedback
Dark Mode
Quiz Categories
Sports
Geography
Music
Movies
Television
Just For Fun
Miscellaneous
History
Literature
Language
Science
Gaming
Entertainment
Religion
Holiday
For Kids
Quiz Lab
Recent
Popular Today
Quiz Kudos Today
Editor Picks
Curator Picks
Quizzes by...
Day
Popularity
Type
Ratings
Length
Year
Community
Subscriptions
Recent Discussions
Orange Saloon
Badges
Playlists
Quests
Create
Leaderboards
Showdown
Live 5
Trivia Bingo
Activity
Puzzle Library
Sporcle Events
Private Events
Virtual Trivia
Globe League
Become a Host
Pub Owners
SporcleCon
Opinionation
Our Games
Videos
Blog
Mobile Apps
Partnerships
Remove Ads and Go Orange
Feedback
Sports
Athletes
MLB
NBA
NHL
NFL
Soccer
Sports Teams
WWE
NCAA
Football
Premier League
Basketball
Baseball
Hockey
Golf
Tennis
Cricket
Rugby
Auto Racing
Olympics
World Cup
Sports
Athletes
MLB
NBA
NHL
NFL
Soccer
Sports Teams
WWE
NCAA
Football
Premier League
Basketball
Baseball
Hockey
Golf
Tennis
Cricket
Rugby
Auto Racing
Olympics
World Cup
Random Quiz
Search Sporcle
×
Quiz Lab
Quiz Lab
Sports
Baseball
Type in answers that appear in a list
Type in answers that appear in a list
Classic
Best Score? Go Orange.
MLB Franchise Top 10: Seattle Mariners Stats
Can you name the top 10 leaders in these categories for the Mariners?
By
tylergallo
10m
60 Questions
448 Plays
448 Plays
448 Plays
Comments
Comments
Give Quiz Kudos
Give Quiz Kudos
-
- Ratings
hide this ad
Replay
Link that replays current quiz
Next Quiz
Link to next quiz in quiz playlist
You Got
0%
They Got
Avg Score
69%
Avg Friend Score
Upgrade to see
Score Distribution
Jump to the score distribution portion of the page
Score
0/60
Timer
10:00
0
Plays Today
Hint
Answer
% Correct
Batting Average
Ken Griffey
98.9%
Hits
Ken Griffey
98.9%
Home Runs
Ken Griffey
98.9%
Batting Average
Edgar Martinez
98%
Hits
Edgar Martinez
98%
Home Runs
Edgar Martinez
98%
Batting Average
Ichiro Suzuki
97.5%
Hits
Ichiro Suzuki
97.5%
ERA
Felix Hernandez
97.3%
Wins
Felix Hernandez
97.3%
Strikeouts
Felix Hernandez
97.3%
ERA
Randy Johnson
96.9%
Wins
Randy Johnson
96.9%
Strikeouts
Randy Johnson
96.9%
Hits
Jay Buhner
94%
Home Runs
Jay Buhner
94%
ERA
Jamie Moyer
87.3%
Wins
Jamie Moyer
87.3%
Strikeouts
Jamie Moyer
87.3%
Batting Average
Alex Rodriguez
86.2%
Hits
Alex Rodriguez
86.2%
Home Runs
Alex Rodriguez
86.2%
Batting Average
Robinson Cano
85.9%
Home Runs
Bret Boone
83.7%
Hits
Alvin Davis
80.6%
Home Runs
Alvin Davis
80.6%
Hits
Kyle Seager
79.9%
Home Runs
Kyle Seager
79.9%
ERA
Freddy Garcia
71.4%
Wins
Freddy Garcia
71.4%
Hint
Answer
% Correct
Strikeouts
Freddy Garcia
71.4%
Hits
Harold Reynolds
71.2%
ERA
Mark Langston
69.9%
Wins
Mark Langston
69.9%
Strikeouts
Mark Langston
69.9%
Hits
Dan Wilson
68.5%
Home Runs
Nelson Cruz
67.6%
Batting Average
Randy Winn
65.2%
Hits
Raul Ibanez
60.5%
Home Runs
Raul Ibanez
60.5%
ERA
Hisashi Iwakuma
51.6%
Wins
Hisashi Iwakuma
51.6%
Strikeouts
Hisashi Iwakuma
51.6%
Home Runs
Jim Presley
50.4%
Wins
Mike Moore
49.6%
Strikeouts
Mike Moore
49.6%
Batting Average
Joey Cora
44.4%
Batting Average
Phil Bradley
41.1%
ERA
James Paxton
39.6%
ERA
Erik Hanson
37.9%
Wins
Erik Hanson
37.9%
Strikeouts
Erik Hanson
37.9%
Batting Average
Bruce Bochte
37.1%
Wins
Gil Meche
36.4%
Strikeouts
James Paxton
35.5%
Wins
Joel Pineiro
33.7%
Strikeouts
Joel Pineiro
33.7%
ERA
Floyd Bannister
31.3%
Batting Average
Tom Paciorek
29.5%
ERA
Brian Holman
26.1%
Quiz Playlist
Details
Report
Send in Message
Add To Playlist
Classic:
Type in answers that appear in a list
Last Updated: Oct 1, 2018
Quiz Scoreboard
CHALLENGE
Sign Up to Join the Scoreboard
Show All
Scores
Hide
Comments
May contain spoilers
Recently Published
Holiday 10x10 Sorting Gallery
by lukepisani3
Holiday
15m
Two Season TV Shows II
by 123Four
Television
10m
Image Sorting: Flags VI
by Barbecue
Geography
2m
More to Explore
Quiz From the Vault
Featured Blog Post
14 Easter Pick-up Lines to Find Eggs With
hide this ad
You Might Also Like...
Tags
Baseball Quiz
MLB Quiz
franchise
Seattle Mariners
Today's Top Quizzes in Sports
Browse Sports
hide this ad
Today's Top Quizzes in Baseball
Browse Baseball
Top Contributed Quizzes in Sports
1
Les meilleurs buteurs des matchs entre le PSG et l’OM
2
Les entraîneurs de l'OM et du PSG au 21e siècle
3
2022 World Cup Stars
4
Les joueurs passés par le PSG et l'OM
5
Players with Multiple 50 Home Run Seasons
6
FIFA Club World Cup Champions
7
Top 10 NHL Goal Scorers of All Time
8
Les joueurs passés par le LOSC et le RC Lens
9
Criteria MLB: Left Handed Sluggers
10
2023 MLB Unique Player Accomplishments
Explore More
Trending Topics
Marvel
Crossword
Kpop
Disney
Anime
Harry Potter
NBA
The Office
NFL
Country
WWE
Puzzle
Song
Soccer
Pokémon
hide this ad
More By:
tylergallo
Quiz
Plays
Rating
Category
Featured
Created
MLB Franchise Top 10: New York Yankees
1,331
4.80
Sports
Apr 26, 2017
MLB Franchise Top 10: Boston Red Sox
920
4.71
Sports
Mar 7, 2017
MLB Franchise Top 10: Atlanta Braves
884
4.57
Sports
Mar 7, 2017
MLB Franchise Top 10: Houston Astros
774
4.75
Sports
Mar 9, 2017
MLB Franchise Top 10: Chicago Cubs
762
4.67
Sports
Mar 7, 2017
Go to Creator's Profile
Score Distribution
Quiz Creator Spotlight
tylergallo
Follow
Send a Message
Quizzes Created
-
Created Quiz Play Count
-
More By This Creator
Popular Quizzes Today
1
Find the US States - No Outlines Minefield
2
Colored Red Africa Blitz
3
Find the 'City' Movie
4
The Countries of the World
5
Find the US States
6
5x2 Blitz: Bands
7
Find the Countries of Europe - No Outlines Minefield
8
US States
More Sports Quizzes
Pick the Original NBA Logo
Published
Trending Quizzes
Colored Red Europe Blitz I
Colored Red Europe Blitz II
Colored Red Africa Blitz II
Colored Red Europe Blitz III
Colored Red Africa Blitz III
Recently Updated
Odd Team Out - Big 4 Players
pecheneg
Quick Pick: 20 Twenties
pecheneg
March Madness Men's Triple Doubles
pecheneg
How Do You Spell That?
pecheneg
Godzilla Movies
pecheneg
Grab Bag: 4-10 Letters
pecheneg
2024 March Madness Bracket
pecheneg
Famous TV Couples
Peacemaker
Champions League XIs: Real Madrid
pecheneg
Largest US Cities 1790-2010
pecheneg
Trending Topics
Marvel
Kpop
Harry Potter
Anime
Crossword
Disney
NBA
WWE
The Office
Song
Country
NFL
Soccer
Pokémon
Puzzle
Your Account Isn't Verified!
In order to create a playlist on Sporcle, you need to verify the email address you used during registration. Go to your
Sporcle Settings
to finish the process.
Report this User
Report this user for behavior that violates our
Community Guidelines
.
Details:
Send Report
Go to the Sporcle.com Mobile Site →
Comments